000
00332nam a22001457a 4500
008
210428b ||||| |||| 00| 0 eng d
020
_a
2901319086687
041
_a
eng
080
_a
82
082
_a
82
100
_a
21
101
_a
GJL
245
_a
An Insider's Guide to Academic Writing
_c
Susan M. Cochran
942
_2
udc
_c
BK
999
_c
56909
_d
56909